[Event "Iasi Sadoveanu Memorial"]
[Site "Iasi"]
[Date "2023.08.03"]
[Round "4"]
[White "Abramciuc, Marius"]
[Black "Gorea, Stefan Alin"]
[Result "0-1"]
[WhiteElo "2323"]
[BlackElo "1682"]
[PlyCount "82"]
[EventDate "2023.08.01"]
[EventType "swiss"]
[EventRounds "9"]
[EventCountry "ROU"]
[SourceTitle "CBM 215 Extra"]
[Source "ChessBase"]
[SourceDate "2023.09.30"]
[SourceVersion "1"]
[SourceVersionDate "2023.09.30"]
[SourceQuality "1"]

1. e4 e5 2. Nf3 Nc6 3. Bb5 Nf6 4. Qe2 Bc5 5. c3 Bb6 6. 0-0 d6 7. h3 Bd7 8. Rd1 0-0 9. d3 Ne7 10. Bxd7 Qxd7 11. Nbd2 Ng6 12. Nf1 Rae8 13. Ng3 Qc6 14. Nh2 d5 15. Ng4 dxe4 16. dxe4 Nf4 17. Qf3 Nxg4 18. hxg4 Qf6 19. Bxf4 Qxf4 20. Kf1 g6 21. Ke2 Re6 22. a4 a5 23. Rd5 Qg5 24. Nh1 Rf6 25. Qg3 Re6 26. Rad1 c6 27. Rd7 Re7 28. Rxe7 Qxe7 29. Qf3 Qe6 30. Ng3 Qc4+ 31. Qd3 Qxa4 32. Qf3 Qb5+ 33. Qd3 Qxb2+ 34. Rd2 Qb3 35. Qf3 Qc4+ 36. Ke1 a4 37. Rb2 a3 38. Rb1 a2 39. Ra1 Ba5 40. Ne2 Rd8 41. Qg3 Qxe4 0-1

[Event "ROM-ch U14"]
[Site "Calimanesti"]
[Date "2018.04.03"]
[Round "9"]
[White "Plugaru, Rares"]
[Black "Gorea, Stefan Alin"]
[Result "1/2-1/2"]
[WhiteElo "1862"]
[BlackElo "1485"]
[PlyCount "56"]
[EventDate "2018.03.27"]
[EventType "swiss"]
[EventRounds "9"]
[EventCountry "ROU"]
[SourceTitle "EXT 2019"]
[Source "ChessBase"]
[SourceDate "2018.10.10"]
[SourceVersion "1"]
[SourceVersionDate "2018.10.10"]
[SourceQuality "1"]

1. d4 d5 2. c4 e6 3. Nc3 Nf6 4. Bg5 Be7 5. cxd5 exd5 6. e3 0-0 7. Nf3 c6 8. Bd3 Bg4 9. Qc2 h6 10. Bxf6 Bxf6 11. h3 Be6 12. 0-0-0 Nd7 13. g4 Rb8 14. Rdg1 Bh4 15. Qe2 c5 16. Bb5 Rc8 17. dxc5 Rxc5 18. Nxh4 Qxh4 19. Rd1 Rfc8 20. Bxd7 Bxd7 21. Kb1 Be6 22. Rd2 f5 23. gxf5 Bxf5+ 24. Ka1 Be6 25. Rd4 Qf6 26. h4 Rc4 27. Rhd1 Rxd4 28. Rxd4 Rc4 1/2-1/2

[Event "ROM-ch U14"]
[Site "Calimanesti"]
[Date "2018.04.02"]
[Round "8"]
[White "Gorea, Stefan Alin"]
[Black "Padurariu, Mihai Edward"]
[Result "0-1"]
[WhiteElo "1485"]
[BlackElo "2107"]
[PlyCount "66"]
[EventDate "2018.03.27"]
[EventType "swiss"]
[EventRounds "9"]
[EventCountry "ROU"]
[SourceTitle "CBM 183 Extra"]
[Source "ChessBase"]
[SourceDate "2018.04.19"]
[SourceVersion "1"]
[SourceVersionDate "2018.04.19"]
[SourceQuality "1"]

1. d4 d5 2. c4 e6 3. Nf3 c5 4. Nc3 Nc6 5. cxd5 exd5 6. g3 Nf6 7. Bg2 c4 8. 0-0 Bb4 9. Bg5 Bxc3 10. bxc3 h6 11. Bxf6 Qxf6 12. Nd2 Qd8 13. e4 dxe4 14. Bxe4 Be6 15. Bxc6+ bxc6 16. Qa4 Qd5 17. Rfe1 0-0 18. Re5 Qd7 19. Rc5 Bd5 20. Nxc4 Rfe8 21. Ne3 Bf3 22. Qc4 Rab8 23. d5 cxd5 24. Nxd5 Rbd8 25. Ne3 Re6 26. Rc7 Qd2 27. Rc8 Rxc8 28. Qxc8+ Kh7 29. Qc5 Be4 30. Qxa7 Qe2 31. Qa4 Qf3 32. Kf1 Qh1+ 33. Ke2 Qxa1 0-1

[Event "ROM-ch U10"]
[Site "Calimanesti"]
[Date "2014.04.09"]
[Round "5"]
[White "Gorea, Stefan Alin"]
[Black "Constandache, Vlad Ciprian"]
[Result "1-0"]
[WhiteElo "1535"]
[BlackElo "1253"]
[PlyCount "121"]
[EventDate "2014.04.06"]
[EventType "swiss"]
[EventRounds "9"]
[EventCountry "ROU"]
[SourceTitle "CBM 160 Extra"]
[Source "ChessBase"]
[SourceDate "2014.07.01"]
[SourceVersion "1"]
[SourceVersionDate "2014.07.01"]
[SourceQuality "1"]

1. d4 d5 2. c4 e6 3. Nc3 Bb4 4. e3 Nf6 5. Bd2 c6 6. a3 Bxc3 7. Bxc3 b6 8. b4 Bb7 9. Nf3 Nbd7 10. c5 Qc7 11. Bd3 Nf8 12. h4 h6 13. Ne5 N8d7 14. f4 Nxe5 15. fxe5 Nd7 16. Qg4 g6 17. Rf1 Nf8 18. Ra2 0-0-0 19. Raf2 h5 20. Qf3 Rd7 21. Qf6 Rg8 22. Qg5 Rg7 23. cxb6 axb6 24. Bb2 Qd8 25. Qf6 Qxf6 26. exf6 Rg8 27. Rc2 Rc7 28. b5 Kd7 29. Kd2 Nh7 30. bxc6+ Rxc6 31. Bb5 Rgc8 32. Bxc6+ Rxc6 33. Rxc6 Bxc6 34. Kc3 Kc7 35. Kb4 Kb7 36. a4 Nf8 37. a5 Nd7 38. Ba3 Nb8 39. axb6 Na6+ 40. Ka5 Nb8 41. Bd6 Nd7 42. Bc7 Nf8 43. Rc1 Nd7 44. Bd8 Nf8 45. Rxc6 Kxc6 46. Ka6 Nd7 47. b7 Nb8+ 48. Ka7 Nd7 49. b8Q Nxb8 50. Kxb8 Kd7 51. Be7 Ke8 52. Kc8 g5 53. hxg5 h4 54. Kc7 h3 55. gxh3 e5 56. Kb6 exd4 57. exd4 Kd7 58. h4 Ke6 59. h5 Kf5 60. h6 Kg6 61. Kc5 1-0

[Event "ROM-ch U10"]
[Site "Calimanesti"]
[Date "2014.04.07"]
[Round "2"]
[White "Rehner, Rainer Fabian"]
[Black "Gorea, Stefan Alin"]
[Result "0-1"]
[WhiteElo "1304"]
[BlackElo "1535"]
[PlyCount "80"]
[EventDate "2014.04.06"]
[EventType "swiss"]
[EventRounds "9"]
[EventCountry "ROU"]
[SourceTitle "CBM 160 Extra"]
[Source "ChessBase"]
[SourceDate "2014.07.01"]
[SourceVersion "1"]
[SourceVersionDate "2014.07.01"]
[SourceQuality "1"]

1. e4 e6 2. d4 d5 3. Nd2 dxe4 4. Nxe4 Nd7 5. Nf3 Ngf6 6. Bg5 Be7 7. Ng3 h6 8. Bf4 0-0 9. Bd3 Nd5 10. Bd2 Nb4 11. Be2 Nf6 12. c3 Nc6 13. Bd3 a6 14. a4 b6 15. 0-0 Bb7 16. c4 Nxd4 17. Nxd4 Qxd4 18. Bxh6 Rad8 19. Bxg7 Kxg7 20. Nh5+ Nxh5 21. Qxh5 Qxd3 22. Qe5+ Bf6 23. Qxc7 Qe4 24. f3 Bd4+ 25. Kh1 Qc6 26. Qg3+ Kh8 27. Rad1 e5 28. f4 Qg6 29. Qh3+ Qh7 30. Rd3 Be4 31. Qxh7+ Bxh7 32. Rb3 e4 33. Re1 Rfe8 34. g3 e3 35. Kg2 Be4+ 36. Kf1 Bc5 37. Ke2 Rd2+ 38. Kf1 Bd3+ 39. Kg1 e2+ 40. Kg2 Rd1 0-1

[Event "World Amateur-ch"]
[Site "Iasi"]
[Date "2013.04.26"]
[Round "5"]
[White "Reis, Virginia Lagrange M"]
[Black "Gorea, Stefan Alin"]
[Result "0-1"]
[WhiteElo "1885"]
[BlackElo "1640"]
[PlyCount "62"]
[EventDate "2013.04.22"]
[EventType "swiss"]
[EventRounds "9"]
[EventCountry "ROU"]
[SourceTitle "CBM 154 Extra"]
[Source "ChessBase"]
[SourceDate "2013.06.25"]
[SourceVersion "2"]
[SourceVersionDate "2013.06.25"]
[SourceQuality "1"]

1. e4 c6 2. d4 d5 3. Nc3 g6 4. h3 Bg7 5. Be3 b6 6. Nf3 Ba6 7. Qd2 Bxf1 8. Rxf1 e6 9. 0-0-0 Ne7 10. Bh6 0-0 11. Bxg7 Kxg7 12. e5 Na6 13. Nh2 c5 14. Ng4 Ng8 15. f4 cxd4 16. Qxd4 Nc5 17. Rf3 h5 18. Nf2 Nh6 19. g4 Rh8 20. f5 Qg5+ 21. Kb1 hxg4 22. hxg4 gxf5 23. Nh3 Qh4 24. gxf5 Nxf5 25. Rg1+ Kf8 26. Qxh4 Nxh4 27. Rf2 Nd7 28. Nb5 Nxe5 29. Nc7 Rc8 30. Nb5 a6 31. Nc3 Rc6 0-1